Top Albums - Spotify Wrapped 2025 - Statistics

General Stats
  • This quiz has been taken 18 times
  • The average score is 3 of 15
Answer Stats
Album Title Artist % Correct
The Crux Djo
50%
How to Save a Life The Fray
50%
Kansas Anymore (The Longest Goodbye) ROLE MODEL
28%
Sunburn Dominic Fike
22%
Costello Music (Bonus Track Version) The Fratellis
22%
songs Adrianne Lenker
17%
Pretty. Odd. (Deluxe Version) Panic! At the Disco
17%
Every Kingdom Ben Howard
11%
Broken Bells Broken Bells
11%
Happy Birthday Finn Wolfhard
11%
Middle Jesse Welles
11%
Because of the Times Kings of Leon
11%
Iron Post Animal
11%
Long Time Coming Sierra Ferrell
11%
Purgatory Tyler Childers
11%
No matching quizzes found
Score Distribution
Percent of People with Each Score
Percentile by Number Answered
Your Score History
You have not taken this quiz